Strzelcy bramek w reprezentacji Polski za kadencji Beenhakkera - Statystyki

Ogólne statystyki
  • Ten quiz został rozwiązany 90 razy
  • Średni wynik to 11 z 28
Statystyki odpowiedzi
Liczna goli Piłkarz % Poprawnych
5 M. Lewandowski
94%
3 R. Lewandowski
94%
15 Smolarek
89%
2 Błaszczykowski
75%
6 Krzynówek
70%
2 Żurawski
69%
2 Żewłakow
63%
2 Brożek
53%
1 Bąk
51%
4 Guerreiro
51%
2 Jeleń
44%
7 Matusiak
41%
2 Dudka
35%
1 Garguła
33%
1 Wasilewski
33%
1 Murawski
32%
2 Łobodziński
31%
2 Obraniak
28%
2 Saganowski
27%
1 Zahorski
25%
3 Boguski
23%
1 Golański
22%
1 Kaźmierczak
14%
1 Iwański
12%
2 Kokoszka
12%
2 Grzelak
7%
1 Magdoń
4%
1 Goliński
2%
Nie znaleziono quizów pasujących do podanych kryteriów
Rozkład punktacji
Procent ludzi z każdym wynikiem
Percentyl według liczby udzielonych odpowiedzi
Twoja historia wyników
Nie rozwiązałeś tego quizu